Responses for Show #1359 - Thursday, June 28, 1990

Dan Katz game 3.

Contestants

[<< previous game]

Lesley Berger, a writer originally from New York City

Randy Pierce, a teacher from St. Louis, Missouri

Dan Katz, an attorney originally from Baltimore, Maryland (whose 2-day cash winnings total $20,201)

Jeopardy! Round responses

AMERICAN HISTORY
TOYS & GAMES
ANTARCTICA
FAMOUS COUPLES
POTPOURRI
EDIBLE ANAGRAMS
    $100 8
Washington, D.C.

Randy
    $100 1
G.I. Joe

Lesley
    $100 22
Andes

Dan
    $100 13
Betty Grable

Triple Stumper
    $100 18
Charles Lindbergh

Randy
    $100 6
leeks (from sleek)

Lesley
    $200 9
Mondale

Dan
    $200 2
(Lesley: What is turn the dial?)

by shaking it (& turning it upside down)

DanLesley
    $200 27
penguins

Dan
    $200 14
Jack Klugman

Dan
    $200 23
(Dan: What is Quebec?)

British Columbia

Dan
Triple Stumper
    $200 7
Spam (from maps)

Randy
    $300 19
China

Randy
    $300 3
(Dan: What is chess?)

Parcheesi

DanLesley
    $300 28
(Dan: What is [*]?)
(Lesley: What is oil drilling?)
[Both Dan are Lesley were ruled incorrect, but the decision was reversed before the clue played out.]
(Alex: The treaty also forbade any kind of weapons testing.)

nuclear testing (territorial claims)

Dan
    $300 15
Lisa Bonet

Dan
    $300 24
Jake LaMotta

Dan
    $300 10
liver (from viler)

Lesley
    $700 20
Virginia House of Burgesses (Virginia legislature)

Randy
    $400 4
9

Triple Stumper
    $400 29
Europe & Australia

Dan
    $400 16
(Roman) Polanski

Dan
    $400 25
(Randy: Who is Roger Williams?)

John Smith

DanRandy
    $400 11
flounder (from round elf)

Dan
    $500 21
Teapot Dome

Triple Stumper
    $500 5
backgammon

Triple Stumper
    $500 30
elephant seal

Triple Stumper
    $500 17
Lucie Arnaz

Dan
    $500 26
Marilyn Quayle

Lesley
    $500 12
ice cream (from mice race)

Triple Stumper

Scores at the first commercial break (after clue 15):

Dan Randy Lesley
$1,000 $300 $600

Scores at the end of the Jeopardy! Round:

Dan Randy Lesley
$3,400 $1,000 $1,100

Double Jeopardy! Round responses

PLANTS
MUSIC
BUSINESS & INDUSTRY
THE BIBLE
WORLD CITIES
NAME THE AUTHOR
    $200 19
bamboo

Randy
    $200 9
mi

Randy
    $200 10
San Francisco

Randy
    $200 23
fisherman

Dan
    $200 1
Florence

Lesley
    $200 3
(Randy: Who is John Steinbeck?)

Aesop

Randy
Triple Stumper
    $400 20
dandelion

Dan
    $400 17
cows

Lesley
    $400 13
Beretta

Randy
    $400 24
(Dan: What is Babylonia?)

Babylon

Dan
Triple Stumper
    $400 5
Leningrad

Randy
    $400 2
Emily Brontë

Triple Stumper
    $600 18
(Randy: What is "Ave Maria"?)
(Lesley: What is his lullaby?)

A German Requiem

RandyLesley
Triple Stumper
    $600 14
chickens

Randy
    $600 25
Judah (Judea)

Triple Stumper
    $600 6
Casablanca

Dan
    $600 4
Arthur Miller

Randy
    $800 21
piano

Triple Stumper
    $800 15
Saab

Lesley
    $800 26
vengeance

Randy
    $800 11
Seville

Triple Stumper
    $1,000 7
(Dan: Who is Marx?)

John Kenneth Galbraith

Dan
    $1000 22
(Alex: We have a minute to go, Dan.)

organ

Triple Stumper
    $1000 16
(Robert) Campeau

Lesley
    $1000 27
[The end-of-round signal sounds.]

Septuagint

Triple Stumper
    $1000 12
(Randy: What is Iran?)

Iraq

Randy
Triple Stumper
    $1000 8
(Paddy) Chayefsky

Dan

Scores at the end of the Double Jeopardy! Round:

Dan Randy Lesley
$4,200 $2,600 $2,900

[wagering suggestions for these scores]

Final Jeopardy! Round responses

PRESIDENTIAL ELECTIONS
RandyWhat is no preference
$2,595
LesleyWhat is to writein a
$2,900
DanWhat was "none of the above"
$1,601
none of the above (no preference)

Final scores:

Dan Randy Lesley
$5,801 $5,195 $0
3-day champion: $26,002 2nd place: trip on Malaysia Airline & stay at Mandarin Singapore + Jeopardy! home game or computerized version 3rd place: Smith Corona PWP7000 laptop word processor & printer + Jeopardy! home game or computerized version

Game dynamics:

Coryat scores:

Dan Randy Lesley
$5,200 $2,300 $2,900
17 R,
4 W
(including 1 DD)
13 R
(including 1 DD),
4 W
9 R,
2 W

Combined Coryat: $10,400

[game clues] [game scores] [suggest correction]

Game tape date: 1990-02-12
The J! Archive is created by fans, for fans. Scraping, republication, monetization, and malicious use prohibited; this site may use cookies and collect identifying information. See terms. The Jeopardy! game show and all elements thereof, including but not limited to copyright and trademark thereto, are the property of Jeopardy Productions, Inc. and are protected under law. This website is not affiliated with, sponsored by, or operated by Jeopardy Productions, Inc. Join the discussion at JBoard.tv.